000 00712nam a2200289Ia 4500
005 20260324111433.0
008 008 260324s9999 xx 000 0 eng d
020 _a9781032702988
037 _aEBOOK
040 _aCRL
040 _beng
040 _cCRL
041 _2eng
041 _aeng
084 _qCRL
100 _aRichard M. Lerner; Gary Greenberg
_91138558
245 4 _aThe Heredity Hoax
245 0 _bChallenging Flawed Genetic Theories of Human Development
260 _bTaylor and Francis
260 _c2025
365 _a
365 _b230
856 _uhttp://www.taylorfrancis.com/books/9781032702988
942 _cEBOOK
999 _c1727380
_d1727380